| 000 | 01418nam0a2200385 4500 | ||
|---|---|---|---|
| 001 | RU\NLR\BIBL_A\022288163 | ||
| 005 | 20251201175815.6 | ||
| 010 |
_a978-5-17-154105-7 _92000 |
||
| 021 |
_aRU _bКН-П-24-036496 _9КН-П-24-3659 |
||
| 035 | _a(NLR Aleph) 022288163 | ||
| 090 |
_a13471427 _c13471427 |
||
| 100 | _a20240802d2024 u y0rusy50 ca | ||
| 101 | 0 |
_arus _akor |
|
| 102 | _aRU | ||
| 105 | _aa j 000zy | ||
| 181 | 0 |
_ai3 _baxxe |
|
| 182 | 1 | _an | |
| 200 | 1 |
_aПрактическая грамматика корейского с ключами _fА. В. Ан |
|
| 203 |
_aТекст _bвизуальный _cнепосредственный |
||
| 210 |
_aМосква _cАСТ _cLingua _d2024 |
||
| 215 |
_a348, [1] с. _cтабл. _d26 |
||
| 225 | 1 | _aПрактический курс с ключами (м) | |
| 300 | _aЗагл. также на кор. яз. | ||
| 333 | _a12+ | ||
| 606 | 1 |
_aКорейский язык _xГрамматика _jУчебные издания _2nlr_sh2 _3RU\NLR\AUTH\66633888 |
|
| 675 |
_a811.531(075) _v4 |
||
| 686 | 1 | _aШ175.41-2я7 | |
| 700 | 1 |
_aАн _bА. В. _gАлександр Викторович |
|
| 852 |
_aNLR _bОЛСАА-кор _j4-540 |
||
| 942 | _cBOOK | ||
| 980 | 1 | _aKOR | |
| 980 | _aNB | ||